|
|
|
|
| LEADER |
00000nab a2200000 a 4500 |
| 001 |
vtls000841559 |
| 003 |
SK-MaSNL |
| 005 |
20260305023826.0 |
| 008 |
250429c2003 xo 0 slo |
| 015 |
|
|
|a SNBRB2003/08-21761
|
| 035 |
|
|
|a CLN000193214
|
| 035 |
|
|
|a urn:nbn:sk:snk-ab98x5
|
| 035 |
|
|
|a (urnnbn)urn:nbn:sk:snk:ar-a0822s
|
| 035 |
|
|
|a (uuid)8110eef9-8cd2-4a61-821b-6c1b4de99681
|
| 040 |
|
|
|a SNKBUCL
|b slo
|c SNKBUCL
|e AACR2
|
| 041 |
0 |
|
|a slo
|
| 044 |
|
|
|a xo
|c SK
|
| 080 |
|
|
|a 378.662.2(437.6)"17"
|2 1997
|
| 080 |
|
|
|a 94(437.6)"17":378
|2 1997
|
| 100 |
1 |
|
|a Kamenický, Miroslav,
|d 1962-
|4 aut
|9 232742
|
| 245 |
1 |
0 |
|a Historické prvenstvo banskoštiavnickej akadémie
|c Miroslav Kamenický
|
| 300 |
|
|
|b Fotogr.
|
| 610 |
2 |
7 |
|a Banská a lesnícka akadémia (Banská Štiavnica, Slovensko)
|2 snkbucl
|9 415949
|
| 648 |
|
7 |
|a 1770
|2 snkbucl
|9 763635
|
| 650 |
0 |
7 |
|a baníctvo
|2 snkbucl
|9 3571
|
| 650 |
0 |
7 |
|a vysoké školy
|2 snkbucl
|9 1277
|
| 651 |
|
7 |
|a Banská Štiavnica (Slovensko)
|2 snkbucl
|9 16373
|
| 655 |
|
7 |
|a články z novín a časopisov
|2 snkbucl
|9 267496
|
| 773 |
0 |
|
|t História
|g Roč. 3, č. 3 (2003), s. 10
|x 1335-8316
|
| 850 |
|
|
|a Slovenská národná knižnica
|
| 852 |
|
|
|a Slovenská národná knižnica
|
| 954 |
|
|
|a odborná, vedecká literatúra pôvodná (slovenská)
|2 lita
|
| 958 |
|
|
|a article13
|
| 958 |
|
|
|a OND
|
| 958 |
|
|
|a EUIPO
|
| 992 |
|
|
|a RBX
|
| 999 |
|
|
|c 3299249
|d 3301179
|